Introducción al estructuralismo / (Record no. 198340)
[ view plain ]
| 000 -LEADER | |
|---|---|
| campo de control de longitud fija | 01693nam a2200445 i 4500 |
| 001 - NÚMERO DE CONTROL | |
| campo de control | 198340 |
| 003 - IDENTIFICADOR DE NÚMERO DE CONTROL | |
| campo de control | ES-MaACL |
| 005 - FECHA Y HORA DE LA ÚLTIMA TRANSACCIÓN | |
| campo de control | 20260521130425.0 |
| 007 - CAMPO FIJO DE DESCRIPCIÓN FÍSICA--INFORMACIÓN GENERAL | |
| campo de control de longitud fija | ta |
| 008 - DATOS DE LONGITUD FIJA--INFORMACIÓN GENERAL | |
| campo de control de longitud fija | 260521s1976 sp a|||| |||| 001 0 spa d |
| 017 ## - NÚMERO DE COPYRIGHT O DE DEPÓSITO LEGAL | |
| Número de copyright o de depósito legal | M 18424-1976 |
| Agencia que asigna | Oficina Depósito Legal Madrid |
| 020 ## - NÚMERO INTERNACIONAL ESTÁNDAR DEL LIBRO | |
| Número Internacional Estándar del Libro | 84-206-1619-2 |
| 040 ## - FUENTE DE CATALOGACIÓN | |
| Centro catalogador/agencia de origen | ES-MaACL |
| Lengua de catalogación | spa |
| Centro/agencia transcriptor | ES-MaACL |
| Normas de descripción | rda |
| 080 ## - NÚMERO DE LA CLASIFICACIÓN DECIMAL UNIVERSAL | |
| Número de la Clasificación Decimal Universal | 82.09:165.75 |
| 100 1# - ENTRADA PRINCIPAL--NOMBRE DE PERSONA | |
| Relación | aut |
| Nombre de persona | Culler, Jonathan |
| Término indicativo de función/relación | Autor |
| 9 (RLIN) | 42145 |
| 240 10 - TÍTULO UNIFORME | |
| Título uniforme | Structuralism: an introduction. |
| Lenguaje de la obra | Inglés |
| 9 (RLIN) | 243098 |
| 245 10 - MENCIÓN DEL TÍTULO | |
| Título | Introducción al estructuralismo / |
| Mención de responsabilidad, etc. | Jonathan Culler, Umberto Eco, Robin Gandy, Edmund Leach, John Lyons, John Mepham y Tzvetan Todorov ; selección e introducción de David Robey ; traductor, Paloma Varela |
| 264 #1 - PRODUCCIÓN, PUBLICACIÓN, DISTRIBUCIÓN, FABRICACIÓN Y COPYRIGHT | |
| Producción, publicación, distribución, fabricación y copyright | Madrid : |
| Nombre del de productor, editor, distribuidor, fabricante | Alianza Editorial, |
| Fecha de producción, publicación, distribución, fabricación o copyright | 1973 |
| 264 #4 - PRODUCCIÓN, PUBLICACIÓN, DISTRIBUCIÓN, FABRICACIÓN Y COPYRIGHT | |
| Fecha de producción, publicación, distribución, fabricación o copyright | ©1973 |
| 300 ## - DESCRIPCIÓN FÍSICA | |
| Extensión | 228 páginas : |
| Otras características físicas | gráficos (blanco y negro) ; |
| Dimensiones | 18 cm |
| 336 ## - TIPO DE CONTENIDO | |
| Fuente | rdacontent |
| Término de tipo de contenido | Texto |
| 337 ## - TIPO DE MEDIO | |
| Fuente | rdamedia |
| Nombre/término del tipo de medio | sin mediación |
| 338 ## - TIPO DE SOPORTE | |
| Fuente | rdacarrier |
| Nombre/término del tipo de soporte | volumen |
| 490 0# - MENCIÓN DE SERIE | |
| Mención de serie | El libro de bolsillo. |
| Nombre de parte o sección de la obra | Sección Humanidades ; |
| Designación de volumen o secuencia | 619 |
| 500 ## - NOTA GENERAL | |
| Nota general | Registro provisional |
| 500 ## - NOTA GENERAL | |
| Nota general | Firma de J. Porto |
| 504 ## - NOTA DE BIBLIOGRAFÍA, ETC. | |
| Nota de bibliografía, etc. | Incluye referencias bibliográficas e índice |
| 650 #4 - PUNTO DE ACCESO ADICIONAL DE MATERIA--TÉRMINO DE MATERIA | |
| Término de materia o nombre geográfico como elemento de entrada | Estructuralismo (Análisis literario) |
| 9 (RLIN) | 12568 |
| 700 1# - ENTRADA AGREGADA--NOMBRE PERSONAL | |
| Nombre de persona | Eco, Umberto, |
| Fechas asociadas al nombre | 1932-2016 |
| Relación | aut |
| 9 (RLIN) | 46611 |
| Término indicativo de función/relación | Autor |
| 700 1# - ENTRADA AGREGADA--NOMBRE PERSONAL | |
| Nombre de persona | Gandy, Robin |
| Relación | aut |
| 9 (RLIN) | 243100 |
| Término indicativo de función/relación | Autor |
| 700 1# - ENTRADA AGREGADA--NOMBRE PERSONAL | |
| Nombre de persona | Leach, Edmund |
| Relación | aut |
| 9 (RLIN) | 70947 |
| Término indicativo de función/relación | Autor |
| 700 1# - ENTRADA AGREGADA--NOMBRE PERSONAL | |
| Nombre de persona | Lyons, John |
| Relación | aut |
| 9 (RLIN) | 74959 |
| Término indicativo de función/relación | Autor |
| 700 1# - ENTRADA AGREGADA--NOMBRE PERSONAL | |
| Nombre de persona | Mepham, John, |
| Fechas asociadas al nombre | 1938- |
| Relación | aut |
| 9 (RLIN) | 243101 |
| Término indicativo de función/relación | Autor |
| 700 1# - ENTRADA AGREGADA--NOMBRE PERSONAL | |
| Nombre de persona | Todorov, Tzvetan |
| Relación | aut |
| 9 (RLIN) | 110413 |
| Término indicativo de función/relación | Autor |
| 852 ## - LOCALIZACIÓN | |
| Ubicación | ES-MaACL |
| Ubicación en estantería | Despachos-biblioteca |
| Número de control de estantería | DB-187 |
| Donativo/Legado | Donación: J. Porto |
| Encuadernación | Encuadernación rústica |
| 942 ## - ELEMENTOS DE ENTRADA SECUNDARIOS (KOHA) | |
| Tipo de ítem Koha | Libro impreso |
| Suprimir en OPAC | No |
| Estatus retirado | Estado de pérdida | Fuente del sistema de clasificación o colocación | Estado de daño | No para préstamo | Biblioteca de origen | Biblioteca actual | Ubicación en estantería | Fecha de adquisición | Fuente de adquisición | Total de préstamos | Signatura topográfica completa | Código de barras | Visto por última vez | Precio de reemplazo | Tipo de ítem Koha | Nota pública |
|---|---|---|---|---|---|---|---|---|---|---|---|---|---|---|---|---|
| Clasificación decimal universal | Biblioteca del Ateneo de Madrid | Biblioteca del Ateneo de Madrid | Despachos-biblioteca | 21/05/2026 | Donación | DB-187 | 2026-0311 | 21/05/2026 | 21/05/2026 | Libro impreso | Firma de J. Porto |
